00393nam a2200121Ia 4500008004100000245002500041245002100066260000900087650003200096856005100128999001900179952007300198171211s9999 xx 000 0 und d aAtlas Of Acupuncture cClaudia Focks MD c2008 xEncyclopedia and Dictionary uhttp://down.ebook777.com/057/9780443100284.pdf c350181d350181 001040aCLbCLd2017-12-11l0r2017-12-11 00:00:00w2017-12-11yCBE